000 00732cab a2200217 4500
001 WB2824-10
008 090401t1992 xxu||||| |||| 00| 0 eng d
035 _a(Sirsi) u39069
041 _aeng
245 _aSteady rise in investment
260 _c1992
350 _a0
490 _aDaily Telegraph
_v16 June 1992, 27(1)
520 _aAccording to latest figures produced by Property Intelligence Focus database, property investment transactions have shown a steady increase since September 1991.
650 _aDATABASES
650 _aPROPERTY INTELLIGENCE FOCUS
650 _aPROPERTY INVESTMENT
690 _aPROPERTY-COMMERCIAL PROPERTY-COMMERCIAL PROPERTY FINANCE AND INVESTMENT
942 _n0
948 _c04/03/1997
999 _c25052
_d25052